| 000 | 02214nam0a2200385 4500 | ||
|---|---|---|---|
| 001 | RU\NLR\bibl\1493600 | ||
| 005 | 20250616013604.0 | ||
| 010 |
_a978-5-17-063030-1 _bАСТ |
||
| 010 |
_a978-5-403-02652-9 _bАСТ Москва |
||
| 010 |
_a978-5-4215-0162-6 _bПолиграфиздат _94000 |
||
| 021 |
_aRU _b2010-9598 _9632 |
||
| 035 | _a(nilc)IZD\AST\2007\964132 | ||
| 035 | _a(NLR Aleph) 001485135 | ||
| 090 |
_a1728278 _c1728278 |
||
| 100 | _a20100118d2010 |||y0rusy50 ca | ||
| 101 | 1 |
_arus _ceng |
|
| 102 | _aRU | ||
| 105 | _ay z ||||| | ||
| 200 | 1 |
_aЗапретные желания _e[роман] _fДайанна Кастелл _g[пер. с англ. Я.Е. Царьковой] |
|
| 210 |
_aМосква _cАСТ [и др.] _d2010 (печ. 2009) |
||
| 215 |
_a314, [1] с. _d17 |
||
| 225 | 1 | _aЛюбовь выходит из тени | |
| 330 | _aШарлотта Дешон, новоиспеченный частный детектив, очень нуждается в клиентах. И когда к ней обращается друг детства, удачливый владелец отеля Гриффин Пэриш, она поначалу считает это истинным подарком судьбы. Но вскоре бедной Шарлотте становится ясно: чудес на свете не бывает. Юной сыщице предстоит распутать целый клубок преступлений. Но как это сделать? Партнером Шарлотты по расследованию становится сам Гриффин, со школьной скамьи в нее влюбленный... | ||
| 686 |
_a0661 _aЗарубежная сентиментальная литература _2TCC-BG |
||
| 686 |
_a84(7Сое)-44 _vLBC/PL _2rubbk |
||
| 700 | 1 |
_aКастелл _bД. _gДайанна _4070 |
|
| 801 | 0 |
_aRU _bЛИБНЕТ _c20100118 _gRCR |
|
| 801 | 1 |
_aRU _bЛИБНЕТ _c20100118 _2rusmarc |
|
| 801 | 2 |
_aRU _bЦУНБ Москва _c20100125 _gRCR |
|
| 801 | 2 |
_aRU _bNLR _c20100402 _grcr |
|
| 830 | _aCODE_OF_LIBNET\000046438 | ||
| 942 | _cBOOK | ||
| 980 | _aNB | ||